<?xml version="1.0" encoding="UTF-8"?>
<record
    xmlns:xsi="http://www.w3.org/2001/XMLSchema-instance"
    xsi:schemaLocation="http://www.loc.gov/MARC21/slim http://www.loc.gov/standards/marcxml/schema/MARC21slim.xsd"
    xmlns="http://www.loc.gov/MARC21/slim">

  <leader>01040nam a2200265 a 4500</leader>
  <controlfield tag="001">000011557</controlfield>
  <controlfield tag="005">20200929162506.0</controlfield>
  <controlfield tag="008">091020s1970    sp b          001 f spa  </controlfield>
  <datafield tag="040" ind1=" " ind2=" ">
    <subfield code="a">DO-SdBNP</subfield>
    <subfield code="b">spa</subfield>
    <subfield code="c">BNPHU</subfield>
  </datafield>
  <datafield tag="041" ind1="1" ind2="7">
    <subfield code="a">spa</subfield>
    <subfield code="h">ger</subfield>
    <subfield code="2">C&#xF3;digo de idioma MARC</subfield>
  </datafield>
  <datafield tag="082" ind1=" " ind2=" ">
    <subfield code="a">910.202</subfield>
    <subfield code="b">G675v</subfield>
  </datafield>
  <datafield tag="100" ind1="1" ind2=" ">
    <subfield code="a">Gorz, Heinz</subfield>
    <subfield code="9">27372</subfield>
  </datafield>
  <datafield tag="240" ind1="1" ind2="0">
    <subfield code="a">Urlaubsziel costa brava / costa del sol,</subfield>
    <subfield code="d">1967.</subfield>
  </datafield>
  <datafield tag="245" ind1="1" ind2="0">
    <subfield code="a">Vacaciones en la costa brava :</subfield>
    <subfield code="b">la costa del sol /</subfield>
    <subfield code="c">Heinz Gorz ; traductor, Luis Fern&#xE1;ndez Villanueva.</subfield>
  </datafield>
  <datafield tag="260" ind1=" " ind2=" ">
    <subfield code="a">Madrid :</subfield>
    <subfield code="b">Mediterr&#xE1;neo,</subfield>
    <subfield code="c">1970.</subfield>
  </datafield>
  <datafield tag="300" ind1=" " ind2=" ">
    <subfield code="a">141 p. :</subfield>
    <subfield code="b">mapas ;</subfield>
    <subfield code="c">19 cm.</subfield>
  </datafield>
  <datafield tag="490" ind1="1" ind2=" ">
    <subfield code="a">EDIME</subfield>
    <subfield code="v">71</subfield>
  </datafield>
  <datafield tag="534" ind1=" " ind2=" ">
    <subfield code="p">T&#xED;tulo original en alem&#xE1;n:</subfield>
    <subfield code="t">Urlaubsziel costa brava / costa del sol</subfield>
    <subfield code="c">Espa&#xF1;a : Wilhelm Heyne Verlag, 1967.</subfield>
  </datafield>
  <datafield tag="650" ind1=" " ind2="4">
    <subfield code="a">Viajes</subfield>
    <subfield code="v">GU&#xCD;AS</subfield>
    <subfield code="9">5045</subfield>
  </datafield>
  <datafield tag="650" ind1=" " ind2="4">
    <subfield code="a">Costa brava (espa&#xF1;a)</subfield>
    <subfield code="x">Descripciones y viajes</subfield>
    <subfield code="v">GU&#xCD;AS</subfield>
    <subfield code="9">27373</subfield>
  </datafield>
  <datafield tag="650" ind1=" " ind2="4">
    <subfield code="a">Costa del sol (espa&#xF1;a)</subfield>
    <subfield code="x">Descripciones y viajes</subfield>
    <subfield code="v">GU&#xCD;AS</subfield>
    <subfield code="9">27374</subfield>
  </datafield>
  <datafield tag="700" ind1="1" ind2=" ">
    <subfield code="a">Fern&#xE1;ndez Villanueva, Luis,</subfield>
    <subfield code="e">tr.</subfield>
    <subfield code="9">27375</subfield>
  </datafield>
  <datafield tag="830" ind1=" " ind2="0">
    <subfield code="a">EDIME</subfield>
    <subfield code="v">71</subfield>
    <subfield code="9">12624</subfield>
  </datafield>
  <datafield tag="049" ind1=" " ind2=" ">
    <subfield code="a">BNGR</subfield>
  </datafield>
  <datafield tag="952" ind1=" " ind2=" ">
    <subfield code="0">0</subfield>
    <subfield code="1">0</subfield>
    <subfield code="5">6</subfield>
    <subfield code="7">0</subfield>
    <subfield code="8">DS</subfield>
    <subfield code="a">BNPHU</subfield>
    <subfield code="b">BNPHU</subfield>
    <subfield code="c">CT</subfield>
    <subfield code="d">2010-03-25</subfield>
    <subfield code="i">LF1</subfield>
    <subfield code="l">0</subfield>
    <subfield code="o">910.202 G675v</subfield>
    <subfield code="p">11557-10</subfield>
    <subfield code="r">2020-06-25</subfield>
    <subfield code="w">2020-06-25</subfield>
    <subfield code="y">4</subfield>
    <subfield code="Z">04</subfield>
  </datafield>
  <datafield tag="999" ind1=" " ind2=" ">
    <subfield code="c">11252</subfield>
    <subfield code="d">11252</subfield>
  </datafield>
</record>
